000 00645nam a2200241Ia 4500
003 OSt
005 20221007083222.0
006 a|||||r|||| 00| 0
007 ta
008 221006b |||||||| |||| 00| 0 eng d
024 _a10,067
037 _cReference Collections
040 _aFLL
_cFLL
_beng
041 _2eng
_aeng
082 _aX95:Z2, L0
100 _aMenon N.R.M. Au.
_9692072
245 0 _aGovt control over private enterprise
260 _c1970
300 _a462p
_ccm.
700 _a Mysore N. Au.
942 _hX95:Z2, L0
_cREF
_2CC
999 _c1169263
_d1169263